| 000 | 01121nam a22003617a 4500 | ||
|---|---|---|---|
| 001 | 0074 | ||
| 003 | DO-SdBPM | ||
| 005 | 20260217110407.0 | ||
| 007 | 0074 | ||
| 008 | 151020b 1997 sp ||||| |||| 00| 0 spa d | ||
| 020 | _a9788420457475 | ||
| 020 | _a8420457477 | ||
| 040 |
_aDO-SdBPM _bspa _cBPMSU _erda |
||
| 082 | 4 |
_222 _a863.6 _bL747m 1997 |
|
| 100 | 1 |
_aLindo, Elvira _4aut. _eautor |
|
| 245 | 1 | 4 |
_aManolito gafotas : _blos trapos sucios / _cElvira Lindo ; ilustraciones de Emilio Urberuaga. |
| 246 | 1 | 3 | _aManolito Gafotas |
| 250 | _a3a ed. | ||
| 260 | _b | ||
| 264 |
_aMadrid, España : _bAlfaguara, _c1997. |
||
| 300 |
_a145 páginas : _bilustraciones ; _c20 cm. |
||
| 336 |
_atexto _btxt _2rdacontent |
||
| 337 |
_asin mediacion _bn _2rdamedia |
||
| 338 |
_avolumen _bnc _2rdacarrier |
||
| 490 | 0 | _aAlfaguay | |
| 590 | _aInventariado 2026/VM | ||
| 650 | 7 | _aCuentos infantiles españoles | |
| 650 | 7 |
_aNiños _vCuentos infantiles |
|
| 650 | 7 | _a Literatura española Infantil | |
| 700 | 1 |
_3Urberruaga, Emilio, _eilustraciones |
|
| 910 | _aVMateo V. Control de calidad. BPMSU | ||
| 942 |
_2ddc _cBK |
||
| 999 |
_c8400 _d8400 |
||